| 000 | 00840nam a22002297a 4500 | ||
|---|---|---|---|
| 001 | BD-DhSAU 211 | ||
| 003 | BD-DhSAU | ||
| 005 | 20140805102558.0 | ||
| 008 | 140805b ii a|||| |||| 00| 0 eng d | ||
| 020 | _a8120414217 | ||
| 040 | _cBD-DhSAU | ||
| 082 |
_222 _a631.251/ SIE |
||
| 100 | _aSingh, Gurdev | ||
| 245 |
_aThe economics of seed production at farm level/ _cGurdev Singh, S. R. Asokan and S.N. Chokshi |
||
| 260 |
_aCalcutta, India: _bOxford &IBH Publishing Co. Pvt. Ltd. ; _c2000. |
||
| 300 |
_aix, 61 p. : _bill. ; _c21 cm. |
||
| 650 |
_aSeed technology _zIndia |
||
| 650 |
_aSeed technology _xeconomic aspects _zindia |
||
| 700 | _a Asokan, S. R. | ||
| 700 | _a Chokshi, S.N. | ||
| 856 | _uhttp://books.google.com.bd/books?id=_AVIAAAAYAAJ&q=8120414217&dq=8120414217&hl=en&sa=X&ei=01fgU-OUM4Xc8AW3voKYDQ&redir_esc=y | ||
| 942 |
_2ddc _cBOOK |
||
| 999 |
_c211 _d211 |
||